| 000 | 00706nam a2200253 a 4500 | ||
|---|---|---|---|
| 999 |
_c4388 _d4388 |
||
| 001 | 4388 | ||
| 003 | BD-JhCC | ||
| 005 | 20171126202427.0 | ||
| 008 | 171126s1969 usaa|||| |||| 001 0 eng d | ||
| 020 | _a0716708159 | ||
| 035 | _a(BD-JhCC)4388 | ||
| 040 |
_aBD-JhCC _dBD-JhCC |
||
| 041 | _aeng | ||
| 082 |
_a581 _bPLA 1969 |
||
| 245 |
_aPlant Science : _bAn Introduction to World Crops / _cJules Janick ...[et al.] |
||
| 260 |
_aSan Francisco : _bW. H. Freeman and Company, _c1969 |
||
| 300 |
_a629 p. : _billus., _c26 cm. |
||
| 490 | _aA Series of Books in Agriculture Science | ||
| 500 | _aIncludes Index. | ||
| 650 | _aAgriculture | ||
| 700 | _aJanick, Jules | ||
| 942 |
_2ddc _cBK |
||